000 00313nam a2200157Ia 4500
100 _aEckhart Tolle
650 _aFiciton
942 _cBK
366 _f20
245 _aStillness speaks
260 _bYogi impressions
_c2003
082 _a291.4/ECK
_bECK
300 _a129
546 _aENGLISH
999 _c23328
_d23328